Nghề nuôi cá thịt

Sách giới thiệu nghề nuôi cá, cơ sở sinh học của kỹ thuật nuôi cá thịt và kỹ thuật nuôi cá thịt.

Gespeichert in:
Bibliographische Detailangaben
1. Verfasser: Lộc, Thị Triều
Format: Buch
Sprache:Undetermined
Veröffentlicht: Hà Nội Giáo Dục 2000
Schlagworte:
Tags: Tag hinzufügen
Keine Tags, Fügen Sie den ersten Tag hinzu!
Thư viện lưu trữ: Trung tâm Học liệu Trường Đại học Cần Thơ
LEADER 00703nam a2200205Ia 4500
001 CTU_192034
008 210402s9999 xx 000 0 und d
020 |c 12700 
082 |a 639.3 
082 |b Tr309 
100 |a Lộc, Thị Triều 
245 0 |a Nghề nuôi cá thịt 
245 0 |c Lộc Thị Triều 
260 |a Hà Nội 
260 |b Giáo Dục 
260 |c 2000 
520 |a Sách giới thiệu nghề nuôi cá, cơ sở sinh học của kỹ thuật nuôi cá thịt và kỹ thuật nuôi cá thịt. 
650 |a Nuôi trồng thủy sản,Aquaculture 
904 |i Trúc 
980 |a Trung tâm Học liệu Trường Đại học Cần Thơ